000 00619nam a2200181 i 4500
001 128864
003 ES-MaACL
005 20230906193358.0
007 t|
008 070529s1969 sp ||||1| spa d
100 1 _aTéllez González, Guillermo.
_9109641
245 1 3 _aEl Greco en Santa Cruz de Mendoza /
_cGuillermo Téllez González.
260 _aToledo :
_bGómez Menor,
_c1969.
300 _a16 p. ;
_c24 cm.
500 _aEs tirada aparte de "Toletum". Años XXXIX-XLIV. Nº 75 al 80.
710 2 _aAcademia de Bellas Artes y Ciencias Históricas de Toledo.
_91162
852 _aES-MaACL
_j2072-F-19
_bR.74685
999 _c128864
_d128864